01093nab a22001817a 4500003000400000005001700004008004100021040000700062100003100069245017200100300001500272505037600287505007200663650002300735650003000758650002000788773010300808OSt20260109024529.0190514b xxu||||| |||| 00| 0 spa d cPJ aPiccinelli, Ornela Cecilia13aLa estereotipia como diagnóstico. La vocación transformadora como remedio :b¿es el Poder Judicial un garante de la no repetición? /cOrnela Cecilia Piccinelli. ap. 138-151 aSumario: I. Interpelar para (des)armar.— II. Mujeres en situación de discapacidad intelectual. ¿Por qué es necesario un enfoque diferencial?— III. Estereotipos y mujeres con discapacidad.— IV. ¿Cómo operan los estereotipos en el razonamiento judicial?— V. Herramientas para denunciar y combatir los estereotipos.— VI. ¿Quién le pone voz al discurso?. tSi te interesa el texto, comunicate a koha@justierradelfuego.gov.ar 0aDERECHO DE FAMILIA 0aPERSONAS CON DISCAPACIDAD 0aPODER JUDICIAL 0 02844dBuenos Aires : AbeledoPerrot, 1989-tDerecho de familia. N° 121 - Septiembre 2025z18511201